Sprawdź swoją wiedzę geograficzną! - Statystyki

Ogólne statystyki
  • Ten quiz został rozwiązany 35 razy
  • Średni wynik to 15 z 20
Statystyki odpowiedzi
Poziom trudności Pytanie Odpowiedż % Poprawnych
🟢 Kraj ze stolicą w Berlinie Niemcy
96%
🟢 Największy kraj świata Rosja
96%
🟢 Stolica Polski Warszawa
96%
🟢 Kraj, w którym znajduje się Paryż Francja
93%
🟡 Kraj ze stolicą w Tokio Japonia
93%
🟢 Stolica Włoch Rzym
93%
🟡 Stolica Hiszpanii Madryt
89%
🟡 Kraj, w którym leży Amazonka Brazylia
85%
🟡 Stolica Wielkiej Brytanii Londyn
85%
🟠 Kraj ze stolicą w Ankarze Turcja
85%
🟠 Stolica Australii Canberra
81%
🟠 Kraj ze stolicą w Limie Peru
81%
🟡 Stolica Kanady Ottawa
78%
🟠 Kraj ze stolicą w Bangkoku Tajlandia
78%
🔴 Stolica Mongolii Ułan Bator
70%
🟠 Stolica RPA Pretoria
48%
🔴 Kraj ze stolicą w Duszanbe Tadżykistan
33%
🔴 Kraj ze stolicą w Port Moresby Papua-Nowa Gwinea
30%
🔴 Stolica Erytrei Asmara
22%
🔴 Stolica Burkina Faso Wagadugu
22%
Nie znaleziono quizów pasujących do podanych kryteriów
Rozkład punktacji
Procent ludzi z każdym wynikiem
Percentyl według liczby udzielonych odpowiedzi
Twoja historia wyników
Nie rozwiązałeś tego quizu